000
00337nam a2200121 a 4500
005
20140414093846.0
008
100218s19uu xx uuu eng d
050
_a
CDR 425.07
_b
MID [n.d.]
245
_a
Middle school grammar :
_b
multimedia.
650
_a
Englisg language
_x
grammar
_x
study and teaching.
942
_c
AVM
999
_c
109600
_d
109600